| 000 | 00539nam a2200193Ia 4500 | ||
|---|---|---|---|
| 003 | IN-BaIIA | ||
| 005 | 20250707111419.0 | ||
| 008 | 211028s9999 xx 000 0 eng d | ||
| 040 | _cIIA Library | ||
| 080 |
_a629.19 _b MAN |
||
| 100 |
_aManno, V _96466 |
||
| 245 | 0 |
_aIntercorrelated satellite observations related to solar evenets _cV. Manno and D. E. Page |
|
| 260 |
_aDordrecht _bRediel Publishers _c1970 |
||
| 300 | _a627p. | ||
| 650 |
_aSatelite _96467 |
||
| 650 |
_aSolar _9910 |
||
| 700 |
_aPage, D. E . _96468 |
||
| 942 |
_cBK _2ddc |
||
| 999 |
_c3649 _d3649 |
||